00000000cam 2200000zi 4500
0019.957278
003CaOODSP
00520251208143715
006m     o  d f      
007cr |n|||||||||
008251112e202511  oncbd   ob   f000 0 eng d
020 |a9780660796901
040 |aCaOODSP|beng|erda|cCaOODSP
043 |an-cn---
0861 |aFs70-5/2025-078E-PDF
1001 |aVanderlaan, Angelia S. M., |eauthor.
24510|aRecovery potential assessment for the North Atlantic right whale (Eubalaena glacialis) / |cAngelia S.M. Vanderlaan, Adèle C. Labbé, and Hilary B. Moors-Murphy.
264 1|aOttawa : |bCanadian Science Advisory Secretariat (CSAS), |cNovember 2025.
264 4|c©2025
300 |a1 online resource (iv, 67 pages) : |bgraphs, maps.
336 |atext|btxt|2rdacontent
337 |acomputer|bc|2rdamedia
338 |aonline resource|bcr|2rdacarrier
4901 |aResearch document, |x1919-5044 ; |v2025/078
500 |aIssued also in French under title: Évaluation du potentiel de rétablissement de la baleine noire de l'Atlantique Nord (Eubalaena glacialis).
504 |aIncludes bibliographical references (pages 56-67).
650 0|aNorthern right whale|xConservation|zAtlantic Coast (Canada)
650 0|aWildlife recovery|zAtlantic Coast (Canada)
650 0|aRare mammals|zAtlantic Coast (Canada)
7101 |aCanada. |bDepartment of Fisheries and Oceans. |bNational Capital Region, |eissuing body.
7102 |aCanadian Science Advisory Secretariat, |eissuing body.
77508|tÉvaluation du potentiel de rétablissement de la baleine noire de l'Atlantique Nord (Eubalaena glacialis) / |w(CaOODSP)9.957279
830#0|aResearch document (Canadian Science Advisory Secretariat)|v2025/078.|w(CaOODSP)9.507396
85640|qPDF|s7.52 MB|uhttps://publications.gc.ca/collections/collection_2025/mpo-dfo/fs70-5/Fs70-5-2025-078-eng.pdf